Statistiken für Amtssprachen der Welt Quiz

Klicken Sie hier um das Quiz zu spielen!

Allgemein

  • Dieses Quiz wurde 2,158 mal gespielt
  • Das Durchschnittsergebnis liegt bei 56 aus 114

Antwortstatistiken

Länder Sprachen % Korrekt
Deutschland, Österreich, Schweiz, 3 andereDeutsch
99%
Spanien, Mexiko, 17 andereSpanisch
99%
Kanada, Südafrika, 53 andereEnglisch
99%
Frankreich, Kanada, 27 andereFranzösisch
98%
Russland, Weißrussland, Kasachstan, KirgisistanRussisch
96%
Ägypten, Irak, Israel, 21 andereArabisch
96%
Italien, San Marino, Schweiz, VatikanstadtItalienisch
95%
China, Taiwan, SingapurChinesisch
95%
Portugal, Brasilien, 6 anderePortugiesisch
91%
Schweden, FinnlandSchwedisch
91%
FinnlandFinnisch
90%
JapanJapanisch
90%
SchweizRätoromanisch
89%
RumänienRumänisch
88%
MoldawienRumänisch
(Moldauisch)
88%
Türkei, ZypernTürkisch
88%
MontenegroSerbokroatisch
(Montenegrinisch)
87%
NorwegenNorwegisch
87%
Serbien, Bosnien und Herzegowina, KosovoSerbokroatisch
(Serbisch)
87%
PolenPolnisch
86%
Zypern, GriechenlandGriechisch
86%
Bosnien und Herzegowina, KroatienSerbokroatisch
(Kroatisch)
86%
Nordkorea, SüdkoreaKoreanisch
86%
Belgien, Niederlande, SurinameNiederländisch
85%
DänemarkDänisch
82%
IslandIsländisch
81%
Albanien, KosovoAlbanisch
81%
UngarnUngarisch
80%
UkraineUkrainisch
79%
BulgarienBulgarisch
79%
LettlandLettisch
79%
SlowenienSlowenisch
79%
TschechienTschechisch
78%
SlowakeiSlowakisch
78%
ArmenienArmenisch
77%
IndonesienMalay
(Indonesisch)
77%
ThailandThai
76%
VietnamVietnamesisch
75%
IrlandIrisch
73%
TadschikistanPersisch (Tadschiki)
68%
LitauenLitauisch
68%
GeorgienGeorgisch
68%
IndienHindustani
(Hindi)
67%
UsbekistanUsbekisch
64%
MongoleiMongolisch
64%
KasachstanKasachisch
64%
AfghanistanPersisch (Dari)
63%
IranPersisch
63%
IsraelHebräisch
62%
Bosnien und HerzegowinaSerbokroatisch
(Bosnisch)
62%
SüdafrikaAfrikaans
60%
NepalNepali
58%
MazedonienMazedonisch
58%
Malaysia, Singapur, BruneiMalay
58%
WeißrusslandBelarussisch
58%
EstlandEstnisch
57%
TurkmenistanTurkmenisch
52%
KirgisistanKirgisisch
52%
KambodschaKhmer
48%
AserbaidschanAserbaidschanisch
47%
LaosLaotisch
46%
LuxemburgLuxemburgisch
43%
Kenia, Tansania, UgandaSwahili
43%
MaltaMaltesisch
42%
BangladeschBengali
38%
HaitiHaitianisch
36%
NeuseelandMāori
35%
FidschiFidschi
34%
AndorraKatalanisch
34%
SomaliaSomali
34%
PakistanHindustani
(Urdu)
32%
SüdafrikaZulu
28%
KiribatiKiribatisch
27%
Sri Lanka, SingapurTamil
26%
SamoaSamoanisch
25%
KomorenKomorisch
25%
PhilippinenFilipino
25%
SeychellenSeychellenkreol
22%
Marokko, AlgerienBerber
21%
MyanmarBirmanisch
19%
PalauPalauisch
19%
AfghanistanPashto
18%
RuandaKinyarwanda
17%
Südafrika, LesothoSotho
16%
TongaTongaisch
16%
SüdafrikaXhosa
16%
NauruNauruisch
16%
BolivienQuechua
15%
Südafrika, SwasilandSwazi
15%
TuvaluTuvaluisch
15%
ÄthiopienAmharisch
13%
Südafrika, BotswanaTswana
13%
NeuseelandNeuseeländische
Gebärdensprache
12%
ParaguayGuaraní
11%
MadagaskarMalagasy
10%
Sri LankaSinhala
8%
FidschiHindustani
(Fidschi-Hindi)
8%
BhutanDzongkha
8%
BurundiKirundi
8%
SüdafrikaTsonga
7%
MarshallinselnMarshallesisch
7%
BolivienAymara
7%
SüdafrikaNord-Sotho
7%
SimbabweNord-Ndebele
7%
SüdafrikaSüd-Ndebele
7%
SüdafrikaVenda
6%
MalawiChichewa
6%
MaledivenDhivehi
5%
VanuatuBislama
5%
SimbabweShona
5%
Zentralafrikanische Rep.Sango
5%
Papua-NeuguineaTok Pisin
5%
OsttimorTetum
5%
Papua-NeuguineaHiri Motu
4%

Verteilung der Resultate

Perzentil nach korrekt beantworteten Fragen

Anzahl Personen mit jedem Resultat

Ihre Resultats-Entwicklung

Sie haben dieses Quiz noch nicht gespielt